000 01116nam a22003377a 4500
003 CHAP
005 20240816093530.0
008 971013s1985 r 00010 d
010 _a29909
011 _a30881
035 _a34993
040 _cCHAP
090 _aTesis
100 1 0 _aMaldonado Simán, Ema de Jesús
_970136
245 _aDesripción del estado larval y pupal de Hybomitra aitkeni Philip (Diptera: Tabanidae
260 _aChapingo, Méx. :
_bEl autor,
_c1985
300 _a46 h.
_b: ilus
502 _aTesis (Ing. Agr. Esp. en Parasitología Agrícola) -- UACH. Departamento de Parasitología Agrícola
590 _aALEPH
_b10
_c20130110
_lUCH01
_h1251
590 _aBATCH-UPD
_b10
_c20130110
_lUCH01
_h0229
590 _aBATCH-UPD
_b10
_c20130110
_lUCH01
_h2114
590 _aBATCH-UPD
_b10
_c20130409
_lUCH01
_h2252
590 _aBATCH-UPD
_b10
_c20130914
_lUCH01
_h1627
590 _aCONVERSION
_b10
_c20130109
_lUCH01
_h1317
650 1 4 _aHybomitra.
_957063
650 1 4 _aOrugas.
_984152
650 1 4 _aPupas.
_993031
901 _aBK
942 _cTESIS
949 _bBC
_cTES
_d-80865
_eTS1
_i34993
_si
999 _c29909
_d29909